Premenné modelov DEA pre hodnotenie efektívnosti v zdravotníctve
Oblasť zdravotníctva často podlieha hodnoteniu výkonnosti procesov a efektívnosti vynakladania zdrojov. Za účelom hodnotenia výkonnosti procesov a merania ich výkonnosti je využívané veľké množstvo metód. V príspevku je poskytnutý prehľad a rozdelenie najčastejšie používaných vstupných ale aj výstup...
Guardado en:
| Autor principal: | |
|---|---|
| Otros Autores: | |
| Formato: | Capítulo de libro |
| Lenguaje: | eslovaco |
| Materias: | |
| Etiquetas: |
Sin Etiquetas, Sea el primero en etiquetar este registro!
|
MARC
| LEADER | 00000nla a2200000 4500 | ||
|---|---|---|---|
| 001 | 0227011 | ||
| 005 | 20240502073736.6 | ||
| 041 | 0 | |a slo | |
| 044 | |a SK | ||
| 245 | 1 | 0 | |a Premenné modelov DEA pre hodnotenie efektívnosti v zdravotníctve |c Roman Lacko, František Hurný |
| 520 | |a Oblasť zdravotníctva často podlieha hodnoteniu výkonnosti procesov a efektívnosti vynakladania zdrojov. Za účelom hodnotenia výkonnosti procesov a merania ich výkonnosti je využívané veľké množstvo metód. V príspevku je poskytnutý prehľad a rozdelenie najčastejšie používaných vstupných ale aj výstupných premenných jednotlivých modelov metódy Data envelopment analysis v oblasti zdravotníctva používaných prevažne v zahraničnej literatúre. | ||
| 610 | 2 | 0 | |a zdravotníctvo |
| 610 | 2 | 0 | |a efektívnosť |
| 610 | 2 | 0 | |a modely |
| 610 | 2 | 0 | |a náklady |
| 610 | 2 | 0 | |a výnosy |
| 610 | 2 | 0 | |a zdroje ľudské |
| 100 | 1 | |a Lacko, Roman, 1988- | |
| 700 | 1 | |a Hurný, František | |